Jaskyne ľavej strany Demänovskej doliny

Bibliographic Details
Main Author: Holúbek, Peter, 1966- (Author)
Format: Article
Language:Slovak
PhysicalDescription:Obr.
ISBN:80-88924-26-X
Subjects:

MARC

LEADER 00000nab a2200000 a 4500
001 vtls008419194
003 SK-MaSNL
005 20260303070057.0
008 140301c2003 xo |r|p|||||||100 b|slo
015 |a SNBRB2005/12  |2 snkbucl 
038 |a SNKBUCL 
040 |a SNKBUCL  |b slo  |c SNKBUCL  |e AACR2 
041 0 |a slo 
044 |a xo  |c SK 
080 |a 551.435.84  |2 1981 
080 |a 551.44  |2 1981 
100 1 |a Holúbek, Peter,  |d 1966-  |4 aut  |9 191766 
245 1 0 |a Jaskyne ľavej strany Demänovskej doliny  |c Peter Holúbek 
300 |a Obr. 
504 |a Bibliogr. odkazy 
650 0 7 |a jaskyne  |2 snkbucl  |9 20772 
651 7 |a Demänovská dolina (Slovensko)  |2 snkbucl  |9 67586 
773 0 |t Sinter 11  |d Liptovský Mikuláš : Slovenské múzeum ochrany prírody a jaskyniarstva, 2003  |g S. 8-12  |z 80-88924-26-X 
852 |a SNK  |b KIS3GCP 
958 |a NB 
999 |c 1753841  |d 1755771